<?xml version="1.0" encoding="UTF-8"?>
<collection xmlns="http://www.loc.gov/MARC21/slim">
 <record>
  <leader>01342pam a22002778a 4500</leader>
  <controlfield tag="001">00045180</controlfield>
  <controlfield tag="005">20191107101129.0</controlfield>
  <controlfield tag="008">150423s2013                  ||||||Viesd</controlfield>
  <datafield tag="020" ind1="#" ind2="#">
   <subfield code="c">70000</subfield>
   <subfield code="a">9786045454688</subfield>
  </datafield>
  <datafield tag="041" ind1="0" ind2="#">
   <subfield code="a">Vie</subfield>
  </datafield>
  <datafield tag="082" ind1="1" ind2="4">
   <subfield code="b">H561D</subfield>
   <subfield code="a">372.89</subfield>
  </datafield>
  <datafield tag="100" ind1="#" ind2="#">
   <subfield code="a">Phạm, Hồng Tung</subfield>
   <subfield code="e">Chủ biên</subfield>
  </datafield>
  <datafield tag="245" ind1="0" ind2="0">
   <subfield code="a">Hướng dẫn dạy học môn Lịch sử và Địa lí Tiểu học theo Chương trình giáo dục phổ thông mới</subfield>
   <subfield code="c">Phạm Hồng Tung (ch.b); Nguyễn Thị Thu Thủy, Nguyễn Thị Trang Thanh</subfield>
  </datafield>
  <datafield tag="260" ind1="#" ind2="#">
   <subfield code="a">Hà Nội</subfield>
   <subfield code="b">Đại học sư phạm</subfield>
   <subfield code="c">2019</subfield>
  </datafield>
  <datafield tag="300" ind1="#" ind2="#">
   <subfield code="a">167 tr.</subfield>
   <subfield code="c">24 cm.</subfield>
  </datafield>
  <datafield tag="653" ind1="#" ind2="#">
   <subfield code="a">Chương trình</subfield>
  </datafield>
  <datafield tag="653" ind1="#" ind2="#">
   <subfield code="a">Giáo dục phổ thông mới</subfield>
  </datafield>
  <datafield tag="653" ind1="#" ind2="#">
   <subfield code="a">Đánh giá</subfield>
  </datafield>
  <datafield tag="653" ind1="#" ind2="#">
   <subfield code="a">Lịch sử và Địa lí</subfield>
  </datafield>
  <datafield tag="653" ind1="#" ind2="#">
   <subfield code="a">Giáo án</subfield>
  </datafield>
  <datafield tag="653" ind1="#" ind2="#">
   <subfield code="a">Giáo dục tiểu học</subfield>
  </datafield>
  <datafield tag="700" ind1="1" ind2="#">
   <subfield code="a">Nguyễn, Thị Trang Thanh</subfield>
  </datafield>
  <datafield tag="700" ind1="1" ind2="#">
   <subfield code="a">Nguyễn, Thị Thu Thủy</subfield>
  </datafield>
  <datafield tag="852" ind1="#" ind2="#">
   <subfield code="j">KGT.0059652</subfield>
   <subfield code="j">KGT.0059653</subfield>
   <subfield code="j">KD.0026650</subfield>
   <subfield code="j">KGT.0058826</subfield>
   <subfield code="j">KGT.0058827</subfield>
   <subfield code="j">KGT.0058828</subfield>
   <subfield code="j">KGT.0058829</subfield>
   <subfield code="j">KGT.0058830</subfield>
   <subfield code="j">KGT.0058831</subfield>
   <subfield code="j">KGT.0058832</subfield>
   <subfield code="j">KGT.0058833</subfield>
   <subfield code="j">KGT.0058834</subfield>
   <subfield code="j">KGT.0058835</subfield>
   <subfield code="j">KGT.0058836</subfield>
   <subfield code="j">KGT.0058837</subfield>
   <subfield code="j">KGT.0058838</subfield>
   <subfield code="j">KGT.0058839</subfield>
   <subfield code="j">KGT.0058840</subfield>
   <subfield code="j">KGT.0058841</subfield>
   <subfield code="j">KGT.0059651</subfield>
  </datafield>
  <datafield tag="910" ind1="#" ind2="#">
   <subfield code="d">7/11/2019</subfield>
  </datafield>
  <datafield tag="980" ind1="#" ind2="#">
   <subfield code="a">Trung tâm Học liệu Lê Vũ Hùng, Trường Đại học Đồng Tháp</subfield>
  </datafield>
 </record>
</collection>
